| 000 | 01052nam2a2200277 4500 | ||
|---|---|---|---|
| 001 | RU\NLR\bibl\1879376 | ||
| 005 | 20250616193252.0 | ||
| 010 |
_a978-5-8243-1609-4 _9800 |
||
| 021 |
_aRU _b2012-12266 _9928 |
||
| 035 | _a(NLR Aleph) 001869156 | ||
| 090 |
_a2637100 _c2637100 |
||
| 100 | _a20120314d2011 |||y0rusy50 ca | ||
| 101 | 0 | _arus | |
| 102 | _aRU | ||
| 105 | _ay ||||||||| | ||
| 200 | 0 | _aЧ. 2 | |
| 210 |
_d2011 _aБ. м. |
||
| 215 | _a831 с. | ||
| 320 | _aБиблиогр.: с. 810-831 (374 назв.) и в подстроч. прим. | ||
| 461 | 0 |
_1001RU\NLR\bibl\1887878 _12001#$aИстория крестьянства России в XX веке$vЧ. 2 _92746391 _aДанилов, В. П. (историк ; 1925-2004) _cМосква _d2011 _fВ.П. Данилов _nРОССПЭН _oизбранные труды : в 2 ч. _tИстория крестьянства России в XX веке _vЧ. 2 |
|
| 801 | 0 |
_aRU _bNLR _c20120314 _gRCR |
|
| 801 | 1 |
_aRU _bNLR _c20120314 |
|
| 942 | _cBOOK | ||
| 980 | _aNB | ||
| 980 | _aNBR | ||